Podi di F1 - Stagione 2023 - Statistics

Statistiche generali
  • Questo quiz è stato fatto 113 volte
  • Il punteggio medio è 26 su 33
Statistiche sulle risposte
Risposte % Corretto
Max Verstappen
99%
Sergio Perez
94%
Sergio Perez
88%
Sergio Perez
88%
Max Verstappen
87%
Max Verstappen
87%
Max Verstappen
85%
Max Verstappen
84%
Max Verstappen
83%
Fernando Alonso
82%
Lewis Hamilton
82%
Max Verstappen
82%
Max Verstappen
82%
Max Verstappen
82%
Charles Leclerc
81%
Sergio Perez
81%
Fernando Alonso
80%
Max Verstappen
80%
Fernando Alonso
79%
Max Verstappen
78%
Fernando Alonso
75%
Fernando Alonso
75%
Lewis Hamilton
74%
Charles Leclerc
71%
Lewis Hamilton
70%
Sergio Perez
69%
Fernando Alonso
67%
George Russell
67%
Lewis Hamilton
67%
Sergio Perez
67%
Lando Norris
66%
Lando Norris
64%
Esteban Ocon
60%
Nessun quiz corrispondente trovato
Distribuzione punteggi
Percentuale di utenti per punteggio
Percentile per numero di risposta
I tuoi punteggi nel tempo
Non hai fatto questo quiz